<?xml version="1.0" encoding="UTF-8"?>
<marc:record xmlns:marc="http://www.loc.gov/MARC21/slim">
   <marc:leader>00000nam a2200000 a 4500</marc:leader>
   <marc:datafield ind1="1" ind2=" " tag="100">
      <marc:subfield code="a">Dietl, Erhard</marc:subfield>
      <marc:subfield code="4">aut</marc:subfield>
      <marc:subfield code="e">Verfasser/-in</marc:subfield>
   </marc:datafield>
   <marc:datafield ind1=" " ind2=" " tag="653">
      <marc:subfield code="a">Bilderbuch</marc:subfield>
   </marc:datafield>
   <marc:datafield ind1=" " ind2=" " tag="653">
      <marc:subfield code="a">Erzählerische Bilderbücher</marc:subfield>
   </marc:datafield>
   <marc:datafield ind1=" " ind2=" " tag="653">
      <marc:subfield code="a">Olchis</marc:subfield>
   </marc:datafield>
   <marc:datafield ind1="0" ind2="0" tag="245">
      <marc:subfield code="a">Die Olchis - so schön ist es in Schmuddelfing!</marc:subfield>
   </marc:datafield>
   <marc:datafield ind1="0" ind2="0" tag="245">
      <marc:subfield code="b">drei Bilderbücher in einem!</marc:subfield>
   </marc:datafield>
   <marc:datafield ind1=" " ind2="1" tag="264">
      <marc:subfield code="b">Verlag Friedrich Oetinger</marc:subfield>
      <marc:subfield code="c">2026</marc:subfield>
   </marc:datafield>
   <marc:datafield ind1="1" ind2=" " tag="520">
      <marc:subfield code="a">Eine Babysitterin auf dem Müllberg? Das kann ja heiter werden! Genauso heiter wird auch das Fest für Drache Feuerstuhl und die Geburtstagsparty für den pingeligen blauen Olchi, den planen die Olchis diesmal nämlich ganz besonders originell.
Dieser Sammelband mit den drei beliebten Olchi-Bilderbüchern „Wenn der Babysitter kommt“, „Ein Drachenfest für Feuerstuhl“ und „Die Olchis feiern Geburtstag“ lädt so richtig ein zum gemeinsamen Anschauen, Lesen, Lachen und Spaß haben. Matschknödel-Werfen, Schuhsohlen-Futtern und Geburtstags-Stinker-Torte inklusive.</marc:subfield>
   </marc:datafield>
   <marc:datafield ind1=" " ind2=" " tag="020">
      <marc:subfield code="a">9783751208536</marc:subfield>
      <marc:subfield code="9">9783751208536</marc:subfield>
   </marc:datafield>
</marc:record>
